Crops Native to the Americas - Statistics

General Stats
  • This quiz has been taken 60 times
    48 since last reset
  • The average score is 15 of 20
Answer Stats
Picture Answer % Correct
Corn/Maize
100%
Pineapple
100%
Pumpkin
100%
Tomato
100%
Peanut
97%
Potato
97%
Blueberry
94%
Avocado
92%
Sweet Potato
89%
Cranberry
86%
Vanilla
81%
Pecan
78%
Chili Pepper
72%
Lima Bean
69%
Quinoa
58%
Cashew
56%
Papaya
53%
Cassava
44%
Cacao
42%
Black Walnut
11%
No matching quizzes found
Score Distribution
Percent of People with Each Score
Percentile by Number Answered
Your Score History
You have not taken this quiz since the last reset